000 00491nam a22001817a 4500
003 LK-CoDNM
005 20250123111936.0
008 250123b |||||||| |||| 00| 0 eng d
040 _aLK-CoDNM
_dLK-CoDNM
_eLK-CoDNM
041 _aeng
080 _a13
_bD8
100 _aWeismann,Dr.August
245 _aThe evolution theory Volume II
260 _aLondon
_bEdward Arnold,41& 43 Maddox Street,Bond Street,w
_c1904
300 _a405p. : ill ; 25 cm
650 _aEvolution
942 _cBK
999 _c237292
_d237292